00709nam a2200241Ia 4500003000900000008004100009040001300050040001300063041000800076100002300084245005000107250001200157260001400169260000900183300001100192300001000203490001600213490000600229600002300235942000700258999001700265952018500282IT-RoPAU120407s9999 xx 000 0 und d aIT-RoPAU cIT-RoPAU aita aFrancesco Alberoni aStatu nascenti. Studi sui processi collettivi aBologna aIl Mulino c1968 a222 p. c22 cm asaggi, 77 v1 a1. Stato nascente. cBK c29270d29270 00102ddc406304_68000000000000071aPAULUSbPAULUSd2012-04-11l0o304.68r2012-04-11 00:00:00w2012-04-11yBKzInserito da: Anna In data: n.d. fondo: Via A.Severo 56 Progr:33354